| 000 | 00701cam a2200217 a 4500 | ||
|---|---|---|---|
| 001 | 15659380 | ||
| 005 | 20131029101608.0 | ||
| 008 | 090313s2010 maua 001 0 eng | ||
| 020 | _a9781284026283 | ||
| 082 | 0 | 0 |
_a005.13 _222 _bDAL |
| 100 | 1 |
_aDale, Nell B. _934276 |
|
| 245 | 1 | 0 |
_aProgramming and problem solving with C++ : _bcomprehensive edition / _cNell Dale, Chip Weems. |
| 250 | _a6th ed. | ||
| 260 |
_aSudbury, Mass. : _bJones and Bartlett Publishers, _cc2014. |
||
| 300 |
_axxvi, 1068 p. : _bill. ; _c24 cm. |
||
| 500 | _aIncludes index. | ||
| 650 | 0 |
_aC++ (Computer program language) _934277 |
|
| 653 |
_bCS _cOctober2013 |
||
| 700 | 1 |
_aWeems, Chip. _913146 |
|
| 942 |
_2ddc _cBB _k005.13 DAL |
||
| 999 |
_c17700 _d17672 |
||